Kindeswohl - Wohl des Kindes?
| Autores Corporativos: | ; |
|---|---|
| Otros Autores: | |
| Tipo de documento: | Print Libro |
| Lenguaje: | Alemán |
| Publicado: |
Wien
Ehe und Familie, Zeitschr.-Verl.-Ges.
1987
|
| En: |
Brennpunkt Familie (35)
Año: 1987 |
| Disponibilidad en Tübingen: | Disponible en Tübingen. IFK: O V 212 |
| Verificar disponibilidad: | HBZ Gateway |
| Servicio de pedido Subito: | Pedir ahora. |
| Palabras clave: |
MARC
| LEADER | 00000cam a22000002c 4500 | ||
|---|---|---|---|
| 001 | 160241596 | ||
| 003 | DE-627 | ||
| 005 | 20251129024844.0 | ||
| 007 | tu | ||
| 008 | 940902s1987 au ||||| 00| ||ger c | ||
| 015 | |a 87,N07,0128 |2 dnb | ||
| 015 | |a 87,A31,0215 |2 dnb | ||
| 016 | 7 | |a 870211153 |2 DE-101 | |
| 020 | |a 3900353263 |9 3-900353-26-3 | ||
| 035 | |a (DE-627)160241596 | ||
| 035 | |a (DE-576)033395799 | ||
| 035 | |a (DE-599)GBV160241596 | ||
| 035 | |a (OCoLC)74801059 | ||
| 040 | |a DE-627 |b ger |c DE-627 |e rakwb | ||
| 041 | |a ger | ||
| 044 | |c XA-AT | ||
| 084 | |a 14 |a 12 |a 19 |2 sdnb | ||
| 084 | |a MS 1960 |2 rvk |0 (DE-625)rvk/123626: | ||
| 084 | |a 71.35 |2 bkl | ||
| 245 | 0 | 0 | |a Kindeswohl - Wohl des Kindes? |c Salzburger Studientagung 1986. Fröhlich-Sandner ... |
| 264 | 1 | |a Wien |b Ehe und Familie, Zeitschr.-Verl.-Ges. |c 1987 | |
| 300 | |a 120 S |c 21 cm | ||
| 336 | |a Text |b txt |2 rdacontent | ||
| 337 | |a ohne Hilfsmittel zu benutzen |b n |2 rdamedia | ||
| 338 | |a Band |b nc |2 rdacarrier | ||
| 490 | 1 | |a Brennpunkt Familie |v 35 | |
| 655 | 7 | |a Konferenzschrift |y 1986 |z Salzburg |0 (DE-588)1071861417 |0 (DE-627)826484824 |0 (DE-576)433375485 |2 gnd-content | |
| 689 | 0 | 0 | |d s |0 (DE-588)4030653-7 |0 (DE-627)106269151 |0 (DE-576)208988505 |a Kindeswohl |2 gnd |
| 689 | 0 | |5 DE-101 | |
| 689 | 1 | 0 | |d s |0 (DE-588)4030653-7 |0 (DE-627)106269151 |0 (DE-576)208988505 |a Kindeswohl |2 gnd |
| 689 | 1 | |5 (DE-627) | |
| 700 | 1 | |a Fröhlich-Sandner, Gertrude |d 1926-2008 |0 (DE-588)119366355 |0 (DE-627)080177069 |0 (DE-576)212281593 |4 oth | |
| 710 | 2 | |a Katholischer Familienverband Österreichs |0 (DE-588)2061662-4 |0 (DE-627)103420452 |0 (DE-576)192074911 |4 oth | |
| 711 | 2 | |a Salzburger Studientagung |n 25 |d 1986 |0 (DE-588)2090101-X |0 (DE-627)708793576 |0 (DE-576)192648519 |4 oth | |
| 830 | 0 | |a Brennpunkt Familie |v 35 |9 35 |w (DE-627)171273087 |w (DE-576)008471819 |w (DE-600)1172433-X |7 am | |
| 935 | |i Blocktest | ||
| 936 | r | v | |a MS 1960 |b Kinder (auch Adoption) |k Soziologie |k Spezielle Soziologien |k Familiensoziologie |k Kinder (auch Adoption) |0 (DE-627)1271440962 |0 (DE-625)rvk/123626: |0 (DE-576)201440962 |
| 936 | b | k | |a 71.35 |j Kindersoziologie |j Jugendsoziologie |0 (DE-627)106412698 |
| 951 | |a BO | ||
| ELC | |b 1 | ||
| LOK | |0 000 xxxxxcx a22 zn 4500 | ||
| LOK | |0 001 3179654112 | ||
| LOK | |0 003 DE-627 | ||
| LOK | |0 004 160241596 | ||
| LOK | |0 005 20140616110217 | ||
| LOK | |0 008 930519||||||||||||||||ger||||||| | ||
| LOK | |0 040 |a DE-21-110 |c DE-627 |d DE-21-110 | ||
| LOK | |0 689 |a s |a Kindeswohl | ||
| LOK | |0 689 |a s |a Pflegefamilien | ||
| LOK | |0 852 |a DE-21-110 | ||
| LOK | |0 852 1 |c O V 212 |m p |9 00 | ||
| LOK | |0 935 |a k110 | ||
| LOK | |0 936ln |a 7.3.2.1 | ||
| LOK | |0 938 |k p | ||
| LOK | |0 939 |a 19-05-93 |b l01 | ||
| ORI | |a SA-MARC-krimdoka001.raw | ||
| SIG | |a IFK: O V 212 | ||
| TIM | |a 100019860101_100019861231 |b 1986 - 1986 | ||
